[Event "interzonal (w)"]
[Site "Smederevska Palanka YUG"]
[Date "1987.07.19"]
[Round "4"]
[White "Madl, Ildiko"]
[Black "Klimova-Richtrova, Eliska"]
[Result "1-0"]
[WhiteElo "2335"]
[BlackElo "2380"]
[EventDate "1987.07.16"]
[PlyCount "86"]

1.e4 e5 2.Nf3 Nc6 3.Bb5 a6 4.Ba4 Nf6 5.O-O Be7 6.Re1 b5 7.Bb3 d6 8.c3 O-O 
9.h3 Be6 10.d4 Bxb3 11.axb3 exd4 12.cxd4 d5 13.e5 Ne4 14.Nc3 f5 15.exf6 
Nxf6 16.Qe2 Bd6 17.Qe6+ Kh8 18.Bg5 Nb4 19.Ne5 Qe8 20.Qxe8 Nxe8 21.Re2 Nf6 
22.Rae1 Kg8 23.g3 Rad8 24.Ng4 c5 25.dxc5 Bxc5 26.Nxf6+ gxf6 27.Bh6 Rf7 28.
Re8+ Rxe8 29.Rxe8+ Bf8 30.Ne2 f5 31.Nd4 Rf6 32.Bg5 Rg6 33.Be7 Kf7 34.Bxf8 
Kxe8 35.Bxb4 Rf6 36.Kg2 Kd7 37.Kf3 Kc7 38.Kf4 Kb6 39.Ke5 Rh6 40.Kxd5 f4 
41.Bc5+ Kb7 42.gxf4 Rxh3 43.f5 Rh2 1-0

[Event "interzonal (w)"]
[Site "Smederevska Palanka YUG"]
[Date "1987.07.19"]
[Round "4"]
[White "Maric, Alisa"]
[Black "Arkell, Susan"]
[Result "0-1"]
[WhiteElo "2360"]
[BlackElo "2335"]
[EventDate "1987.07.16"]
[PlyCount "80"]

1.c4 e5 2.g3 Nc6 3.Bg2 f5 4.d3 Bb4+ 5.Bd2 Bxd2+ 6.Qxd2 Nf6 7.Nc3 O-O 8.Nf3
d6 9.O-O Qe8 10.Nd5 Nxd5 11.cxd5 Ne7 12.Rac1 Nxd5 13.e4 Ne7 14.Rxc7 Qd8 
15.Rc2 Nc6 16.Qc3 Kh8 17.b4 fxe4 18.dxe4 Qb6 19.Rd1 Bg4 20.Rxd6 Rac8 21.
Ng5 h6 22.h3 Bh5 23.Ne6 Rf6 24.Qxe5 Qxb4 25.Qc5 Qxc5 26.Rxc5 Bf7 27.Rd7 
Bxe6 28.Rxb7 Rf7 29.Rb2 Rfc7 30.e5 Nd4 31.Rxc7 Rxc7 32.Rd2 Rd7 33.Rb2 Rc7 
34.Rd2 Rc4 35.f4 Bxh3 36.Bd5 Bf5 37.Rb2 Rc1+ 38.Kf2 Rc2+ 39.Rxc2 Bxc2 40.
e6 Nf5 0-1

[Event "interzonal (w)"]
[Site "Smederevska Palanka YUG"]
[Date "1987.07.19"]
[Round "4"]
[White "Nyberg, Christina"]
[Black "Litinskaya, Marta"]
[Result "0-1"]
[WhiteElo "2045"]
[BlackElo "2415"]
[EventDate "1987.07.16"]
[PlyCount "62"]

1.d4 f5 2.Nc3 d5 3.g3 g6 4.Bg2 Be6 5.Nh3 Nf6 6.O-O Bg7 7.e3 c6 8.Ne2 h6 9.
Nhf4 Bf7 10.b3 Nbd7 11.Bb2 O-O 12.Rc1 Re8 13.Nd3 e5 14.dxe5 Ng4 15.e6 Bxe6
16.Bxg7 Kxg7 17.Nd4 Bf7 18.Nf3 Ngf6 19.Qd2 Ne4 20.Qb4 c5 21.Qxb7 Re6 22.
Nxc5 Ndxc5 23.Qb4 Ra6 24.a3 Qf6 25.Nd4 Rc8 26.Rfd1 Rc7 27.a4 Nd7 28.Bf1 
Rb6 29.Qa3 Nc3 30.Re1 Ne5 31.b4 Qe7 0-1

[Event "interzonal (w)"]
[Site "Smederevska Palanka YUG"]
[Date "1987.07.19"]
[Round "4"]
[White "Lelchuk, Zoya"]
[Black "Wu Mingqian"]
[Result "1/2-1/2"]
[WhiteElo "2340"]
[BlackElo "2205"]
[EventDate "1987.07.16"]
[PlyCount "36"]

1.d4 f5 2.g3 Nf6 3.Bg2 e6 4.Nf3 d5 5.c4 Bd6 6.Qc2 c6 7.Bf4 Bxf4 8.gxf4 Ne4
9.e3 O-O 10.Nbd2 Nd7 11.cxd5 exd5 12.O-O Rf6 13.Nb3 Rh6 14.Nc1 Nf8 15.Nd3 
Ng6 16.Nde5 Nh4 17.Nxh4 Qxh4 18.h3 Be6 1/2-1/2

[Event "interzonal (w)"]
[Site "Smederevska Palanka YUG"]
[Date "1987.07.21"]
[Round "5"]
[White "De Armas Perez, Asela"]
[Black "Maric, Alisa"]
[Result "0-1"]
[WhiteElo "2220"]
[BlackElo "2360"]
[EventDate "1987.07.16"]
[PlyCount "92"]

1.e4 c5 2.Nf3 Nc6 3.d4 cxd4 4.Nxd4 Qc7 5.Nc3 e6 6.g3 a6 7.Bg2 Nf6 8.O-O 
Nxd4 9.Qxd4 Bc5 10.Qd1 d6 11.Na4 Ba7 12.Bf4 e5 13.Bg5 Be6 14.Bxf6 gxf6 15.
Nc3 Bd4 16.Qf3 O-O-O 17.Ne2 Bc4 18.c3 Bb6 19.Rfe1 Qe7 20.b3 Be6 21.Rad1 h5
22.h4 Rhg8 23.Rd2 Bg4 24.Qd3 Qd7 25.Kf1 f5 26.f3 fxe4 27.Qc4+ Kb8 28.fxg4 
d5 29.Qb4 Be3 30.Red1 Bxd2 31.Rxd2 Qxg4 32.Qc5 Qe6 33.b4 f5 34.Bh3 Qf7 35.
c4 f4 36.gxf4 exf4 37.Rxd5 Qg7 38.Rg5 Qa1+ 39.Kf2 e3+ 40.Kf3 Qh1+ 41.Bg2 
Qxh4 42.Rxg8 Rxg8 43.Qd6+ Ka8 44.Nxf4 Qg3+ 45.Ke4 e2 46.Kd4 Qf2+ 0-1

[Event "interzonal (w)"]
[Site "Smederevska Palanka YUG"]
[Date "1987.07.21"]
[Round "5"]
[White "Arkell, Susan"]
[Black "Lelchuk, Zoya"]
[Result "1-0"]
[WhiteElo "2335"]
[BlackElo "2340"]
[EventDate "1987.07.16"]
[PlyCount "127"]

1.e4 Nf6 2.e5 Nd5 3.d4 d6 4.c4 Nb6 5.exd6 cxd6 6.Nc3 g6 7.h3 Bg7 8.Nf3 O-O
9.Be2 Nc6 10.O-O Bf5 11.Bf4 e5 12.Bg5 f6 13.Be3 Rc8 14.b3 Ne7 15.Nb5 e4 
16.Nd2 a6 17.Nc3 d5 18.c5 Nd7 19.b4 Be6 20.Nb3 f5 21.Qd2 Rf7 22.Na5 Qf8 
23.Bf4 g5 24.Bxg5 f4 25.Bh5 Ng6 26.Nxb7 Bh6 27.c6 Bxg5 28.cxd7 Bxd7 29.Nc5
Qh6 30.Bxg6 Qxg6 31.f3 e3 32.Qe2 Bh4 33.Kh1 Kh8 34.Rac1 Rg8 35.Nd3 Bf2 36.
Rxf2 exf2 37.Qe5+ Rfg7 38.Nxf4 Qg3 39.Nce2 Qg5 40.Qxg5 Rxg5 41.g4 Rb8 42.
a3 Bb5 43.Kg2 Bc4 44.Kxf2 Rg7 45.Nc3 a5 46.Ncxd5 Bxd5 47.Nxd5 Rd7 48.Rc5 
axb4 49.axb4 Kg7 50.Ke3 Kh6 51.b5 Ra7 52.Nc3 Ra1 53.Rc6+ Kg7 54.b6 Ra6 55.
Nd5 Ra5 56.Rc7+ Kg6 57.Ke4 Rb5 58.h4 Re8+ 59.Re7 Rxe7+ 60.Nxe7+ Kf7 61.Nd5
Rb1 62.Ke5 Rf1 63.f4 Rg1 64.Kd6 1-0

[Event "interzonal (w)"]
[Site "Smederevska Palanka YUG"]
[Date "1987.07.21"]
[Round "5"]
[White "Levitina, Irina"]
[Black "Nyberg, Christina"]
[Result "1-0"]
[WhiteElo "2350"]
[BlackElo "2045"]
[EventDate "1987.07.16"]
[PlyCount "69"]

1.d4 Nf6 2.Nf3 g6 3.Bg5 Bg7 4.c3 h6 5.Bh4 d6 6.Nbd2 c5 7.dxc5 dxc5 8.e4 
O-O 9.Bc4 Nc6 10.O-O Bg4 11.Qc2 g5 12.Bg3 Nh5 13.Rae1 e5 14.h3 Bd7 15.Nh2 
Qe7 16.Qd1 Nf4 17.Ng4 Rad8 18.Ne3 Be6 19.Qc2 Na5 20.Bxe6 Qxe6 21.Nb3 Nxb3 
22.axb3 Rd7 23.Rd1 Rfd8 24.Rxd7 Rxd7 25.Rd1 Kh7 26.Nf5 Bf8 27.Bxf4 exf4 
28.Rd5 b6 29.c4 Bg7 30.Qd3 Rc7 31.Qe2 Rc8 32.Rd6 Qe5 33.Qh5 f6 34.Rd7 Rg8 
35.Qxh6# 1-0

[Event "interzonal (w)"]
[Site "Smederevska Palanka YUG"]
[Date "1987.07.21"]
[Round "5"]
[White "Litinskaya, Marta"]
[Black "Chaves, Joara"]
[Result "1-0"]
[WhiteElo "2415"]
[BlackElo "2130"]
[EventDate "1987.07.16"]
[PlyCount "65"]

1.d4 Nf6 2.c4 c5 3.d5 e5 4.Nc3 d6 5.e4 Be7 6.Nf3 O-O 7.h3 Na6 8.g4 Ne8 9.
Bd3 Rb8 10.Rg1 Nac7 11.h4 Bd7 12.a4 a6 13.h5 b5 14.b3 Qc8 15.Nh2 Kh8 16.
Be3 Nf6 17.g5 Ng8 18.f4 f5 19.fxe5 f4 20.Bf2 dxe5 21.Be2 Ne8 22.Nf3 Qc7 
23.cxb5 axb5 24.Bxb5 Qa5 25.Rc1 Bxb5 26.axb5 Bd6 27.Nd2 Qd8 28.Nc4 Nc7 29.
b6 Na8 30.b4 cxb4 31.Nb5 Be7 32.Na7 Qd7 33.Nc6 1-0

[Event "interzonal (w)"]
[Site "Smederevska Palanka YUG"]
[Date "1987.07.21"]
[Round "5"]
[White "Markovic-Jovanovic, Gordana"]
[Black "Madl, Ildiko"]
[Result "1-0"]
[WhiteElo "2335"]
[BlackElo "2335"]
[EventDate "1987.07.16"]
[PlyCount "123"]

1.e4 c5 2.c3 d5 3.exd5 Qxd5 4.d4 e6 5.Nf3 Nf6 6.Na3 Qd8 7.Bf4 cxd4 8.Nxd4 
Bc5 9.Nab5 Nd5 10.Bg3 a6 11.Nb3 Be7 12.N5d4 O-O 13.Bd3 f5 14.Be5 Bd6 15.
Bxd6 Qxd6 16.O-O Nf4 17.Re1 e5 18.Bc4+ Kh8 19.Ne2 Qe6 20.Nxf4 Qxc4 21.Qd6 
Nd7 22.Nd3 Re8 23.Nxe5 Nxe5 24.Rxe5 Rxe5 25.Qxe5 Bd7 26.Qd4 Qf7 27.Re1 Be6
28.Qb6 Bd5 29.f3 Re8 30.Rxe8+ Qxe8 31.Kf2 f4 32.Qd4 Qf7 33.Nc5 Qf5 34.Nd3 
Bxa2 35.Nxf4 b5 36.Qe4 Qc5+ 37.Qe3 Qc6 38.b4 Bc4 39.g4 Qc7 40.Kg2 a5 41.
bxa5 Qxa5 42.Nh5 Qd8 43.Ng3 Bd3 44.h4 h6 45.h5 Qd7 46.Ne2 Bxe2 47.Qxe2 Qd6
48.Kf1 Qc6 49.Qd3 Qc7 50.Qd4 Qc6 51.Ke2 Qe6+ 52.Kd3 Qe1 53.Qe3 Qb1+ 54.Kd4
Qb3 55.Qe8+ Kh7 56.Qe4+ Kh8 57.Qe8+ Kh7 58.Qe4+ Kh8 59.Qd5 Qb2 60.Kd3 b4 
61.Qa8+ Kh7 62.Qe4+ 1-0

[Event "interzonal (w)"]
[Site "Smederevska Palanka YUG"]
[Date "1987.07.21"]
[Round "5"]
[White "Klimova-Richtrova, Eliska"]
[Black "Izrailov, Inna"]
[Result "1/2-1/2"]
[WhiteElo "2380"]
[BlackElo "2120"]
[EventDate "1987.07.16"]
[PlyCount "142"]

1.e4 c5 2.Nc3 Nc6 3.g3 g6 4.Bg2 Bg7 5.d3 e6 6.Nge2 Nge7 7.Bg5 d6 8.O-O O-O
9.Rb1 a6 10.Qd2 Nd4 11.Nxd4 cxd4 12.Ne2 e5 13.c3 dxc3 14.bxc3 Qc7 15.c4 
Be6 16.a4 Nc6 17.Be3 f5 18.f4 Rae8 19.Rfc1 fxe4 20.Bxe4 Qd7 21.Rb6 Rc8 22.
d4 exf4 23.Bxf4 d5 24.Bg2 Rf7 25.cxd5 Bxd5 26.Rxb7 Qxb7 27.Bxd5 Qd7 28.Qa2
Nd8 29.Rxc8 Qxc8 30.Qc4 Qxc4 31.Bxc4 Kf8 32.Bxf7 Kxf7 33.Kf2 Ke6 34.Ke3 
Nf7 35.Nc3 g5 36.Bb8 g4 37.Ne2 Bh6+ 38.Nf4+ Kf5 39.d5 Bg7 40.Kd3 Ne5+ 41.
Bxe5 Bxe5 42.Kc4 Bd6 43.Kd4 h6 44.Ng2 h5 45.Ne3+ Kf6 46.Ke4 Bc5 47.Ng2 Bd6
48.Nh4 Bc5 49.Ng2 Bd6 50.Nf4 Kg5 51.Nd3 Kf6 52.Kd4 h4 53.gxh4 Bxh2 54.Kc5 
Bg3 55.h5 Kg5 56.d6 Kxh5 57.Kc6 Bh4 58.Nf4+ Kh6 59.d7 g3 60.Kc7 a5 61.Ng2 
Bg5 62.d8=Q Bxd8+ 63.Kxd8 Kg5 64.Kd7 Kg4 65.Ne1 Kf4 66.Kd6 Ke3 67.Ke5 Kd2 
68.Ng2 Kc3 69.Kd5 Kb4 70.Kd4 Kxa4 71.Kc4 Ka3 1/2-1/2

[Event "interzonal (w)"]
[Site "Smederevska Palanka YUG"]
[Date "1987.07.21"]
[Round "5"]
[White "Voiska, Margarita"]
[Black "An Yangfeng"]
[Result "1-0"]
[WhiteElo "2350"]
[BlackElo "2280"]
[EventDate "1987.07.16"]
[PlyCount "127"]

1.d4 Nf6 2.Nf3 g6 3.c4 Bg7 4.Nc3 c5 5.d5 d6 6.Bg5 Qa5 7.Nd2 O-O 8.e4 a6 9.
a4 e5 10.Be2 Nbd7 11.O-O h6 12.Bh4 Qc7 13.Qc2 Nh7 14.Bd3 Ndf6 15.Be2 g5 
16.Bg3 h5 17.h4 Ng4 18.Nf3 f6 19.Nh2 Qf7 20.Nd1 gxh4 21.Bxh4 Bh6 22.Ra3 
Kh8 23.Rh3 Bf4 24.Nxg4 hxg4 25.Rh1 Kg7 26.g3 Bh6 27.Qb3 Qg6 28.Bd3 Bg5 29.
Ne3 Bxe3 30.fxe3 Qe8 31.Qb6 Qd8 32.Qb3 Rf7 33.Qc2 Bd7 34.Rf2 Qa5 35.Qd1 
Qxa4 36.b3 Qa5 37.Be2 Rg8 38.Bxg4 Kf8 39.Bxd7 Rxd7 40.Kg2 Rdg7 41.Qh5 Rf7 
42.Rhf1 Qd8 43.Qh6+ Rgg7 44.Bxf6 Nxf6 45.Rxf6 Kg8 46.Rxf7 Rxf7 47.Qe6 Qd7 
48.Rxf7 Qxf7 49.Qxd6 Qh5 50.Qe6+ Kg7 51.g4 Qg5 52.Kf3 b5 53.cxb5 axb5 54.
Qd7+ Kh6 55.Qc6+ Kg7 56.Qxc5 Qf6+ 57.Kg3 Qf1 58.Qe7+ Kg8 59.Qg5+ Kh8 60.
Qxe5+ Kg8 61.d6 Qg1+ 62.Kh4 Qf2+ 63.Kg5 Qxe3+ 64.Kg6 1-0

[Event "interzonal (w)"]
[Site "Smederevska Palanka YUG"]
[Date "1987.07.21"]
[Round "5"]
[White "Wu Mingqian"]
[Black "Gaprindashvili, Nona"]
[Result "0-1"]
[WhiteElo "2205"]
[BlackElo "2495"]
[EventDate "1987.07.16"]
[PlyCount "78"]

1.e4 c5 2.Nf3 d6 3.Bb5+ Nd7 4.O-O Nf6 5.Re1 a6 6.Bf1 Ne5 7.Nxe5 dxe5 8.a4 
b6 9.Nc3 g6 10.h3 Bg7 11.Bc4 Bb7 12.d3 e6 13.Be3 O-O 14.Rb1 Qe7 15.Rf1 Bc6
16.Qc1 Kh8 17.Bg5 Qd7 18.Bb3 Ng8 19.Be3 f5 20.f3 Qd6 21.Qd2 f4 22.Bf2 g5 
23.g4 fxg3 24.Bxg3 Bf6 25.Kf2 Ra7 26.Ke2 Ne7 27.Rh1 Ng6 28.Rbf1 b5 29.axb5
axb5 30.Nd1 Nf4+ 31.Ke1 Ra1 32.Rfg1 Rd8 33.Bxf4 gxf4 34.c3 c4 35.Bc2 cxd3 
36.Bb3 Bh4+ 37.Kf1 Qc5 38.Qg2 Bg3 39.h4 Qe3 0-1

[Event "interzonal (w)"]
[Site "Smederevska Palanka YUG"]
[Date "1987.07.22"]
[Round "6"]
[White "An Yangfeng"]
[Black "Nyberg, Christina"]
[Result "1-0"]
[WhiteElo "2280"]
[BlackElo "2045"]
[EventDate "1987.07.16"]
[PlyCount "114"]

1.d4 Nf6 2.c4 e5 3.dxe5 Ng4 4.Nf3 Nc6 5.Bf4 Bb4+ 6.Nbd2 Qe7 7.a3 Ngxe5 8.
Nxe5 Nxe5 9.e3 Bxd2+ 10.Qxd2 d6 11.Be2 O-O 12.O-O b6 13.b4 Bb7 14.Qc3 Ng6 
15.Bg3 f5 16.Rfe1 a5 17.Rac1 Qg5 18.f4 Qe7 19.c5 axb4 20.axb4 dxc5 21.bxc5
Kh8 22.c6 Bc8 23.Bd3 Ra3 24.Qc2 Qd6 25.Rcd1 Qb4 26.Rb1 Qd6 27.Bb5 Be6 28.
Red1 Qe7 29.Be1 Ra2 30.Rb2 Rfa8 31.Rxa2 Rxa2 32.Qd3 Ra8 33.Qd4 h6 34.Bc3 
Bb3 35.Rd2 Re8 36.Kf1 Nf8 37.Bb2 Ne6 38.Qd7 Qf8 39.Qd3 Nc5 40.Qe2 Be6 41.
Be5 Qf7 42.Qd1 Kh7 43.Kg1 Bb3 44.Qb1 Be6 45.h3 Ne4 46.Rd1 Qe7 47.Qa1 Qc5 
48.Qb2 Qxe3+ 49.Kh2 Qg3+ 50.Kg1 Re7 51.Qd4 Qh4 52.Ra1 Rf7 53.Be2 Nc5 54.
Rd1 Bb3 55.Qd8 Qg3 56.Bh5 Bxd1 57.Bxf7 Qd3 1-0

[Event "interzonal (w)"]
[Site "Smederevska Palanka YUG"]
[Date "1987.07.22"]
[Round "6"]
[White "Chaves, Joara"]
[Black "Levitina, Irina"]
[Result "0-1"]
[WhiteElo "2130"]
[BlackElo "2350"]
[EventDate "1987.07.16"]
[PlyCount "124"]

1.b3 e5 2.Bb2 d6 3.g3 Nf6 4.Bg2 c6 5.e3 Be7 6.Ne2 Nbd7 7.c4 e4 8.O-O Nc5 
9.d4 exd3 10.Nf4 Bg4 11.f3 Bd7 12.b4 Ne6 13.Nxd3 d5 14.c5 a5 15.Bc3 axb4 
16.Bxb4 O-O 17.Nd2 Re8 18.Nb3 b6 19.Qd2 bxc5 20.Nbxc5 Nxc5 21.Nxc5 Bc8 22.
Rfc1 Nd7 23.Nxd7 Bxd7 24.Bxe7 Qxe7 25.e4 dxe4 26.fxe4 Red8 27.Qf2 Be8 28.
a4 Ra5 29.Rc4 h5 30.Bf3 g6 31.Rac1 Re5 32.Rb1 Ra8 33.Kg2 Rea5 34.Qc2 Qg5 
35.Re1 Rd8 36.Re2 Qe5 37.Qb2 Qe6 38.Qc2 Qe5 39.Qb2 Qd6 40.Qc2 Re5 41.Qc3 
c5 42.Rb2 f6 43.a5 g5 44.g4 hxg4 45.Bxg4 Bc6 46.Rb6 Rxe4 47.Rxc6 Rxg4+ 48.
Rxg4 Qxc6+ 49.Kf2 Qd6 50.Rg3 Qf4+ 51.Qf3 Rd2+ 52.Ke1 Qb4 53.Qc3 Ra2 54.
Qxb4 cxb4 55.Rb3 Rxh2 56.Rxb4 Ra2 57.Rb6 Kf7 58.a6 Kg6 59.Kf1 g4 60.Rb4 
Kg5 61.Rb6 f5 62.Kg1 f4 0-1

[Event "interzonal (w)"]
[Site "Smederevska Palanka YUG"]
[Date "1987.07.22"]
[Round "6"]
[White "Gaprindashvili, Nona"]
[Black "Arkell, Susan"]
[Result "1/2-1/2"]
[WhiteElo "2495"]
[BlackElo "2335"]
[EventDate "1987.07.16"]
[PlyCount "110"]

1.d4 d5 2.c4 e6 3.Nf3 c5 4.cxd5 exd5 5.g3 Nc6 6.Bg2 Nf6 7.O-O Be7 8.Nc3 
O-O 9.Bg5 cxd4 10.Nxd4 h6 11.Be3 Re8 12.Qa4 Na5 13.Rad1 Nc4 14.Bc1 Bd7 15.
Qc2 Rc8 16.Qb1 Nb6 17.Nf5 Bf8 18.Be3 Re5 19.Nh4 Bg4 20.Bd4 Re8 21.Rfe1 Bb4
22.Qd3 Ne4 23.f3 Nc5 24.Qb5 Bxc3 25.bxc3 Bd7 26.Qb1 Nca4 27.Rc1 Rc4 28.Bf1
Qc8 29.e3 Rc7 30.Qb4 Nc4 31.Bd3 a5 32.Qb1 Na3 33.Qb3 Nc4 34.Qc2 Nc5 35.
Bh7+ Kh8 36.Nf5 Na3 37.Qb2 Bxf5 38.Bxf5 Qxf5 39.Bxc5 Nc4 40.Qb5 Rec8 41.
Bb6 Rc6 42.Bd4 Nd2 43.Rf1 Nxf3+ 44.Rxf3 Qxf3 45.Rf1 Qe4 46.Rxf7 Rxc3 47.
Bxg7+ Kg8 48.Bxc3 Rxc3 49.Qf1 Qxe3+ 50.Kg2 Rc2+ 51.Kh3 Qe6+ 52.Rf5 Kg7 53.
Qf3 Rxa2 54.Qxd5 Qxd5 55.Rxd5 a4 1/2-1/2

[Event "interzonal (w)"]
[Site "Smederevska Palanka YUG"]
[Date "1987.07.22"]
[Round "6"]
[White "Izrailov, Inna"]
[Black "Markovic-Jovanovic, Gordana"]
[Result "1-0"]
[WhiteElo "2120"]
[BlackElo "2335"]
[EventDate "1987.07.16"]
[PlyCount "107"]

1.e4 e6 2.d4 c5 3.Nf3 cxd4 4.Nxd4 Nf6 5.Nc3 d6 6.g3 Nc6 7.Bg2 Bd7 8.O-O a6
9.a4 Be7 10.Be3 O-O 11.Qe2 Qc7 12.f4 Nxd4 13.Bxd4 Bc6 14.Qd3 Nd7 15.Rf2 b6
16.Rd2 Rfd8 17.Qe2 Qb7 18.Rad1 Nc5 19.b3 b5 20.Qg4 g6 21.axb5 axb5 22.b4 
Na4 23.f5 e5 24.Nxa4 exd4 25.Nb2 Bf6 26.Nd3 Re8 27.Rb1 Re7 28.h4 Kh8 29.
fxg6 fxg6 30.Rf2 Bg7 31.Qf4 Qd7 32.Qg5 Rae8 33.Re2 Qb7 34.Qf4 Re6 35.Qg4 
h5 36.Qf4 Kh7 37.Qf3 Rf6 38.Nf4 Bh6 39.Rf1 Ref8 40.Ref2 Re8 41.Re2 Qf7 42.
Qf2 Qc4 43.Rd2 Qxb4 44.Qxd4 Qxd4+ 45.Rxd4 Ref8 46.Ra1 Rxf4 47.gxf4 Rxf4 
48.Ra6 Be8 49.Rdxd6 Rxh4 50.Ra7+ Kg8 51.e5 Ra4 52.Re7 Ra1+ 53.Kh2 Ra4 54.
Bd5+ 1-0

[Event "interzonal (w)"]
[Site "Smederevska Palanka YUG"]
[Date "1987.07.22"]
[Round "6"]
[White "Madl, Ildiko"]
[Black "Litinskaya, Marta"]
[Result "0-1"]
[WhiteElo "2335"]
[BlackElo "2415"]
[EventDate "1987.07.16"]
[PlyCount "68"]

1.e4 e5 2.Nf3 Nc6 3.Bb5 a6 4.Ba4 Nf6 5.O-O Be7 6.Re1 b5 7.Bb3 d6 8.c3 O-O 
9.h3 Na5 10.Bc2 c5 11.d4 Nd7 12.d5 Nb6 13.Nbd2 f5 14.exf5 Bxf5 15.Ne4 h6 
16.a4 c4 17.axb5 axb5 18.Be3 Na4 19.Bxa4 bxa4 20.Ng3 Bd7 21.Nd2 Rb8 22.Rb1
Qe8 23.Qc2 Bh4 24.Nde4 Qg6 25.Qe2 Rb5 26.Red1 Rfb8 27.b4 axb3 28.Rb2 Rf8 
29.Qh5 Qxh5 30.Nxh5 Be7 31.f4 Bf5 32.Neg3 Bd3 33.fxe5 dxe5 34.d6 Bxd6 0-1

[Event "interzonal (w)"]
[Site "Smederevska Palanka YUG"]
[Date "1987.07.22"]
[Round "6"]
[White "Maric, Alisa"]
[Black "Klimova-Richtrova, Eliska"]
[Result "1-0"]
[WhiteElo "2360"]
[BlackElo "2380"]
[EventDate "1987.07.16"]
[PlyCount "39"]

1.e4 e5 2.Nf3 Nc6 3.Nc3 g6 4.d4 exd4 5.Nxd4 Bg7 6.Be3 d6 7.Nxc6 bxc6 8.Bc4
Nf6 9.O-O Ng4 10.Bd4 O-O 11.Bxg7 Kxg7 12.f4 f6 13.Qd3 Rb8 14.Rad1 Qe7 15.
Bb3 Rb6 16.Rfe1 Be6 17.Nd5 Bxd5 18.exd5 Qd8 19.dxc6 Rxc6 20.Qf3 1-0

[Event "interzonal (w)"]
[Site "Smederevska Palanka YUG"]
[Date "1987.07.22"]
[Round "6"]
[White "Lelchuk, Zoya"]
[Black "De Armas Perez, Asela"]
[Result "1-0"]
[WhiteElo "2340"]
[BlackElo "2220"]
[EventDate "1987.07.16"]
[PlyCount "87"]

1.c4 Nf6 2.Nf3 d6 3.d4 c6 4.Nc3 Nbd7 5.Bf4 Qc7 6.h3 e5 7.Bh2 Be7 8.e3 O-O 
9.Be2 Re8 10.O-O Bf8 11.Qc2 a5 12.Rfd1 b6 13.Rac1 Bb7 14.a3 Qc8 15.dxe5 
dxe5 16.Na4 Qc7 17.Rd2 g6 18.Rcd1 Re6 19.g4 Rd6 20.Rxd6 Bxd6 21.Nxb6 Nxb6 
22.c5 Bxc5 23.Qxc5 Nfd7 24.Bxe5 Nxc5 25.Bxc7 Nd5 26.Be5 a4 27.Nd2 Re8 28.
Bd6 Ne6 29.Bg3 f6 30.Bf1 Kf7 31.Nc4 Re7 32.Nd6+ Kg7 33.Bc4 Ng5 34.Kg2 Ba8 
35.Rc1 c5 36.Kf1 Nxh3 37.Bb5 Nb6 38.Rxc5 Bf3 39.Be2 Ba8 40.Ra5 Bh1 41.Ra6 
Nd5 42.Rxa4 Kh6 43.g5+ fxg5 44.Bg4 1-0

[Event "interzonal (w)"]
[Site "Smederevska Palanka YUG"]
[Date "1987.07.22"]
[Round "6"]
[White "Voiska, Margarita"]
[Black "Wu Mingqian"]
[Result "1/2-1/2"]
[WhiteElo "2350"]
[BlackElo "2205"]
[EventDate "1987.07.16"]
[PlyCount "75"]

1.d4 f5 2.Nc3 Nf6 3.Bg5 d5 4.Bxf6 exf6 5.e3 c6 6.Bd3 Bd6 7.Qf3 g6 8.h3 Na6
9.a3 Qe7 10.Nge2 Nc7 11.Nf4 Bd7 12.g3 O-O-O 13.b4 Rhf8 14.Kd2 Bxf4 15.gxf4
Ne8 16.b5 Nd6 17.Rhb1 Ne4+ 18.Bxe4 fxe4 19.Qg3 g5 20.b6 a6 21.Na4 gxf4 22.
exf4 Rg8 23.Qh2 Bf5 24.Nc5 Qd6 25.Rg1 Rg6 26.Ke3 Rdg8 27.h4 Qf8 28.Rxg6 
hxg6 29.Qg3 Rh8 30.a4 Rh5 31.a5 Qh8 32.Rh1 Qh7 33.c3 Qe7 34.Rh2 Kd8 35.Kd2
Ke8 36.Ke3 Kf7 37.Kd2 Kf8 38.Ke3 1/2-1/2

[Event "interzonal (w)"]
[Site "Smederevska Palanka YUG"]
[Date "1987.07.23"]
[Round "7"]
[White "De Armas Perez, Asela"]
[Black "Gaprindashvili, Nona"]
[Result "0-1"]
[WhiteElo "2220"]
[BlackElo "2495"]
[EventDate "1987.07.16"]
[PlyCount "69"]

1.e4 c5 2.Nf3 d6 3.d4 cxd4 4.Nxd4 Nf6 5.Nc3 Nc6 6.g3 Bg4 7.f3 Bd7 8.Be3 g6
9.Qd2 Bg7 10.Bc4 O-O 11.g4 Nxd4 12.Bxd4 Qa5 13.g5 Nh5 14.Bxg7 Kxg7 15.
O-O-O Be6 16.Bd5 Bxd5 17.exd5 e5 18.dxe6 fxe6 19.Qxd6 Qxg5+ 20.Kb1 Rae8 
21.Ne4 Qg2 22.Qd7+ Kh6 23.Rhg1 Qxh2 24.Ng5 Nf6 25.Qd4 Qc7 26.Qe3 Qb6 27.
Qf4 Kg7 28.Rh1 Kg8 29.Qe5 Re7 30.Rdg1 Nd7 31.Qh2 Nf6 32.Qh6 Qe3 33.Qh4 Rc7
34.Rg2 Nh5 35.Nxh7 0-1

[Event "interzonal (w)"]
[Site "Smederevska Palanka YUG"]
[Date "1987.07.23"]
[Round "7"]
[White "Arkell, Susan"]
[Black "Voiska, Margarita"]
[Result "0-1"]
[WhiteElo "2335"]
[BlackElo "2350"]
[EventDate "1987.07.16"]
[PlyCount "114"]

1.e4 e6 2.d4 d5 3.Nc3 Bb4 4.e5 c5 5.Qg4 Ne7 6.Nf3 O-O 7.Bd3 Nf5 8.O-O c4 
9.Bxf5 exf5 10.Qg3 Kh8 11.Bg5 Qa5 12.Ne2 Nc6 13.Nf4 Be7 14.Bxe7 Nxe7 15.
Rfe1 Qb6 16.b3 cxb3 17.cxb3 Be6 18.Qh4 Rfe8 19.Ng5 h6 20.Qh5 Rf8 21.Rad1 
Rac8 22.Re3 Rc6 23.Qh4 Ng6 24.Nxg6+ fxg6 25.Nh3 Kg8 26.f4 Rfc8 27.Qg3 Kh7 
28.Qe1 Rc2 29.Re2 Qa6 30.Rxc2 Rxc2 31.a4 Qb6 32.Rd3 Qc6 33.Nf2 b6 34.Nd1 
Rc1 35.Kf2 Qc2+ 36.Qd2 Qb1 37.Nc3 Rf1+ 38.Ke2 Qa1 39.Nd1 Rh1 40.Qc3 Rxd1 
41.Qxa1 Rxa1 42.Rc3 Ra2+ 43.Kd3 g5 44.Rc6 Bf7 45.e6 Bh5 46.Rd6 Rxg2 47.
Rxd5 Re2 48.Re5 Rxe5 49.fxe5 Kg8 50.d5 Bf3 51.d6 Kf8 52.Kd4 Bc6 53.b4 Bxa4
54.e7+ Kf7 55.Kd5 f4 56.e6+ Ke8 57.Ke4 Bc6+ 0-1

[Event "interzonal (w)"]
[Site "Smederevska Palanka YUG"]
[Date "1987.07.23"]
[Round "7"]
[White "Levitina, Irina"]
[Black "Madl, Ildiko"]
[Result "1-0"]
[WhiteElo "2350"]
[BlackElo "2335"]
[EventDate "1987.07.16"]
[PlyCount "57"]

1.d4 Nf6 2.Nf3 c5 3.d5 e6 4.Nc3 d6 5.dxe6 Bxe6 6.e4 Nc6 7.Bb5 Qb6 8.O-O 
O-O-O 9.Ng5 d5 10.Nxe6 fxe6 11.exd5 exd5 12.a4 d4 13.Ne4 Nxe4 14.Qg4+ Kb8 
15.Qxe4 Bd6 16.Bf4 Bxf4 17.Qxf4+ Qc7 18.Qg5 Ne5 19.b3 Rhf8 20.Rae1 Rd5 21.
Qg3 h5 22.Re4 g5 23.h4 gxh4 24.Rxh4 a6 25.Be2 Ka7 26.Rxh5 Qe7 27.f4 Nf3+ 
28.Bxf3 Qe3+ 29.Qf2 1-0

[Event "interzonal (w)"]
[Site "Smederevska Palanka YUG"]
[Date "1987.07.23"]
[Round "7"]
[White "Litinskaya, Marta"]
[Black "Izrailov, Inna"]
[Result "1-0"]
[WhiteElo "2415"]
[BlackElo "2120"]
[EventDate "1987.07.16"]
[PlyCount "67"]

1.d4 g6 2.c4 Bg7 3.Nc3 c5 4.d5 Bxc3+ 5.bxc3 f5 6.Bf4 d6 7.e3 Qa5 8.Qc2 Nf6
9.Bd3 Nbd7 10.Nf3 Nb6 11.Nd2 Bd7 12.O-O Qa4 13.Rfb1 Qxc2 14.Bxc2 O-O-O 15.
a4 e5 16.Bg5 Rhf8 17.a5 Na8 18.Rb2 Kc7 19.f4 e4 20.g4 Rb8 21.gxf5 gxf5 22.
h3 Ng8 23.Kh2 a6 24.Bd1 b5 25.Rab1 Rb7 26.Bh5 Rbb8 27.Be2 Nf6 28.Bxf6 Rxf6
29.cxb5 axb5 30.Bxb5 Bxb5 31.Rxb5 Rxb5 32.Rxb5 Rg6 33.Nc4 Kc8 34.a6 1-0

[Event "interzonal (w)"]
[Site "Smederevska Palanka YUG"]
[Date "1987.07.23"]
[Round "7"]
[White "Markovic-Jovanovic, Gordana"]
[Black "Maric, Alisa"]
[Result "0-1"]
[WhiteElo "2335"]
[BlackElo "2360"]
[EventDate "1987.07.16"]
[PlyCount "68"]

1.e4 c5 2.Nf3 Nc6 3.d4 cxd4 4.Nxd4 Qc7 5.Nc3 e6 6.Ndb5 Qb8 7.a4 a6 8.Na3 
Qc7 9.Be3 b6 10.Nc4 Rb8 11.Qd2 Bb4 12.Bf4 e5 13.Bg5 f6 14.Bh4 Nge7 15.Ne3 
Nd4 16.Bc4 Bb7 17.f3 Rd8 18.O-O Ne6 19.Rfd1 O-O 20.Qd3 Bxc3 21.Qxc3 Kh8 
22.Qd2 d5 23.exd5 Rd6 24.Qb4 Nf4 25.Rd2 Rfd8 26.Rad1 a5 27.Qb3 Ne6 28.c3 
Nc5 29.Qc2 Ba6 30.b4 Bxc4 31.Nxc4 Rxd5 32.Rxd5 Rxd5 33.Rxd5 Nxd5 34.Qe4 
Nxe4 0-1

[Event "interzonal (w)"]
[Site "Smederevska Palanka YUG"]
[Date "1987.07.23"]
[Round "7"]
[White "Nyberg, Christina"]
[Black "Chaves, Joara"]
[Result "1-0"]
[WhiteElo "2045"]
[BlackElo "2130"]
[EventDate "1987.07.16"]
[PlyCount "81"]

1.d4 c5 2.d5 e5 3.c4 Nf6 4.Nc3 d6 5.e4 Be7 6.Nf3 O-O 7.Bd3 Nbd7 8.h3 Nh5 
9.g3 g6 10.Bh6 Ng7 11.g4 Nf6 12.Qe2 Kh8 13.O-O-O Ng8 14.Bxg7+ Kxg7 15.Rdg1
a6 16.g5 Bd7 17.h4 b5 18.h5 Qa5 19.Nd2 b4 20.Nd1 Qxa2 21.Rh2 Qa5 22.Qf3 
Qd8 23.hxg6 fxg6 24.Qh1 h6 25.Rxh6 Nxh6 26.Qxh6+ Kf7 27.Qh7+ Ke8 28.Qxg6+ 
Rf7 29.Qg8+ Bf8 30.Be2 Rg7 31.Bh5+ Ke7 32.Qh8 Be8 33.Ne3 Bxh5 34.Nf5+ Kd7 
35.Nxg7 Bxg7 36.Qxg7+ Qe7 37.Qh6 Qe8 38.g6 Qh8 39.Qg5 Rg8 40.Qf5+ Kc7 41.
Rh1 1-0

[Event "interzonal (w)"]
[Site "Smederevska Palanka YUG"]
[Date "1987.07.23"]
[Round "7"]
[White "Klimova-Richtrova, Eliska"]
[Black "Lelchuk, Zoya"]
[Result "1/2-1/2"]
[WhiteElo "2380"]
[BlackElo "2340"]
[EventDate "1987.07.16"]
[PlyCount "72"]

1.e4 c5 2.Nc3 Nc6 3.g3 g6 4.Bg2 Bg7 5.d3 d6 6.f4 e6 7.Be3 Nge7 8.Qd2 O-O 
9.Nf3 Nd4 10.O-O d5 11.Bf2 dxe4 12.Nxe4 Nef5 13.c3 Nxf3+ 14.Bxf3 b6 15.
Nxc5 Rb8 16.Ne4 Rb7 17.d4 Rd7 18.Qe2 Bb7 19.Nd2 Bd5 20.Rfe1 h5 21.Nc4 Qa8 
22.Ne5 Re8 23.Bxd5 exd5 24.Qb5 Rde7 25.Nc6 Rxe1+ 26.Rxe1 Rxe1+ 27.Bxe1 Qe8
28.Bf2 Qe4 29.Ne5 Qb1+ 30.Kg2 Qe4+ 31.Kg1 Qb1+ 32.Kg2 Bxe5 33.Qe8+ Kh7 34.
dxe5 Qe4+ 35.Kg1 Qb1+ 36.Kg2 Qe4+ 1/2-1/2